<?xml version="1.0" encoding="UTF-8"?><?xml-stylesheet type="text/xsl" href="static/style.xsl"?><OAI-PMH xmlns="http://www.openarchives.org/OAI/2.0/" xmlns:xsi="http://www.w3.org/2001/XMLSchema-instance" xsi:schemaLocation="http://www.openarchives.org/OAI/2.0/ http://www.openarchives.org/OAI/2.0/OAI-PMH.xsd"><responseDate>2026-04-29T01:50:37Z</responseDate><request verb="GetRecord" identifier="oai:repisalud.isciii.es:20.500.12105/15971" metadataPrefix="marc">https://repisalud.isciii.es/rest/oai/request</request><GetRecord><record><header><identifier>oai:repisalud.isciii.es:20.500.12105/15971</identifier><datestamp>2025-06-09T10:05:29Z</datestamp><setSpec>com_20.500.12105_2052</setSpec><setSpec>com_20.500.12105_2051</setSpec><setSpec>col_20.500.12105_19608</setSpec><setSpec>col_20.500.12105_19613</setSpec></header><metadata><record xmlns="http://www.loc.gov/MARC21/slim" xmlns:dcterms="http://purl.org/dc/terms/" xmlns:doc="http://www.lyncode.com/xoai" xmlns:xsi="http://www.w3.org/2001/XMLSchema-instance" xsi:schemaLocation="http://www.loc.gov/MARC21/slim http://www.loc.gov/standards/marcxml/schema/MARC21slim.xsd">
   <leader>00925njm 22002777a 4500</leader>
   <datafield ind2=" " ind1=" " tag="042">
      <subfield code="a">dc</subfield>
   </datafield>
   <datafield ind2=" " ind1=" " tag="720">
      <subfield code="a">Pérez Romero, César</subfield>
      <subfield code="e">author</subfield>
   </datafield>
   <datafield ind2=" " ind1=" " tag="720">
      <subfield code="a">Guerras Moreira, Juan Miguel</subfield>
      <subfield code="e">author</subfield>
   </datafield>
   <datafield ind2=" " ind1=" " tag="720">
      <subfield code="a">Hoyos, Juan</subfield>
      <subfield code="e">author</subfield>
   </datafield>
   <datafield ind2=" " ind1=" " tag="720">
      <subfield code="a">Donat López, Marta</subfield>
      <subfield code="e">author</subfield>
   </datafield>
   <datafield ind2=" " ind1=" " tag="720">
      <subfield code="a">Barrio, Gregorio</subfield>
      <subfield code="e">author</subfield>
   </datafield>
   <datafield ind2=" " ind1=" " tag="720">
      <subfield code="a">Fuente, Luis de la</subfield>
      <subfield code="e">author</subfield>
   </datafield>
   <datafield ind2=" " ind1=" " tag="720">
      <subfield code="a">Palma, David</subfield>
      <subfield code="e">author</subfield>
   </datafield>
   <datafield ind2=" " ind1=" " tag="720">
      <subfield code="a">García de Olalla, Patricia</subfield>
      <subfield code="e">author</subfield>
   </datafield>
   <datafield ind2=" " ind1=" " tag="720">
      <subfield code="a">Belza Egozcue, Maria Jose</subfield>
      <subfield code="e">author</subfield>
   </datafield>
   <datafield ind2=" " ind1=" " tag="720">
      <subfield code="a">Methysos Project Group</subfield>
      <subfield code="e">author</subfield>
   </datafield>
   <datafield ind2=" " ind1=" " tag="720">
      <subfield code="a">Herrero-Huertas, Lidia</subfield>
      <subfield code="e">author</subfield>
   </datafield>
   <datafield ind2=" " ind1=" " tag="260">
      <subfield code="c">2022-10-31</subfield>
   </datafield>
   <datafield ind2=" " ind1=" " tag="520">
      <subfield code="a">Background: US and Northern European studies have found a higher prevalence of alcohol-related problems among men who have sex with men (MSM) than among the general population of men (GPM). However, most of them relied on traditional sampling methods, not profiting from MSM dating apps and websites for recruitment. Besides, analogous comparisons in Southern Europe are lacking. Objective: This study aimed to compare several indicators of excessive drinking between MSM and GPM in Spain. Methods: Overall, 5862 MSM were recruited through dating apps or websites for the Méthysos Project, and 10,349 GPM were recruited using probability sampling via the Household Survey on Alcohol and Drugs in Spain from 2018 to 2020. The outcomes were the prevalence of hazardous or harmful drinking (Alcohol Use Disorders Identification Test [AUDIT] ≥8), hazardous drinking (AUDIT-Consumption ≥4), harmful drinking (AUDIT-Problem ≥4), regular hazardous drinking (&amp;gt;14 standard drinks per week), and monthly binge drinking. The prevalence of excessive drinking indicators was calculated for MSM and GPM and compared using the adjusted prevalence ratio (aPR). Two different aPRs and their 95% CIs were estimated using Poisson regression models with robust variance. The first was adjusted for sociodemographic characteristics, and the second was adjusted for the aforementioned covariates plus other drug use. Results: The prevalence of hazardous or harmful drinking was 15.6% (913/5862) among MSM versus 7.7% (902/10,349) among GPM. After adjusting for sociodemographic covariates, the risk was higher in MSM than in GPM for harmful or hazardous drinking (aPR 1.8, 95% CI 1.6-2.0), harmful drinking (aPR 2.3, 95% CI 2.0-2.7), and binge drinking (aPR 1.7, 95% CI 1.5-1.9); the same in both populations for hazardous drinking (aPR 0.9, 95% CI 0.9-1.0); and higher in GPM than in MSM for regular hazardous drinking (aPR 0.7, 95% CI 0.6-0.9). The relative excess risk of harmful drinking and binge drinking among MSM tended to increase with increasing education level and size of the place of residence, and the opposite was true for the deficit risk in regular hazardous drinking. Additional adjustment for other drug use greatly buffered the relative excess risk in harmful drinking and binge drinking in MSM, while it deepened its deficit risk in regular hazardous drinking. Conclusions: The use of web-based resources allowed recruiting a large sample of MSM. The risk of hazardous or harmful drinking was 80% greater in MSM than in GPM, which was mainly because of the higher risk of harmful drinking and binge drinking among MSM. Nearly 1 in 6 MSM would benefit from early brief alcohol intervention procedures. The subgroup with harmful or binge drinking combined with other drug use is an important contributor to excess MSM risk in hazardous or harmful drinking and must be a priority target for harm reduction interventions.</subfield>
   </datafield>
   <datafield ind1="8" ind2=" " tag="024">
      <subfield code="a">JMIR Public Health Surveill. 2022 Oct 31;8(10):e32888.</subfield>
   </datafield>
   <datafield ind1="8" ind2=" " tag="024">
      <subfield code="a">http://hdl.handle.net/20.500.12105/15971</subfield>
   </datafield>
   <datafield ind1="8" ind2=" " tag="024">
      <subfield code="a">36315235</subfield>
   </datafield>
   <datafield ind1="8" ind2=" " tag="024">
      <subfield code="a">10.2196/32888</subfield>
   </datafield>
   <datafield ind1="8" ind2=" " tag="024">
      <subfield code="a">2369-2960</subfield>
   </datafield>
   <datafield ind1="8" ind2=" " tag="024">
      <subfield code="a">JMIR public health and surveillance</subfield>
   </datafield>
   <datafield tag="653" ind2=" " ind1=" ">
      <subfield code="a">AUDIT</subfield>
   </datafield>
   <datafield tag="653" ind2=" " ind1=" ">
      <subfield code="a">Alcohol Use Disorders Identification Test</subfield>
   </datafield>
   <datafield tag="653" ind2=" " ind1=" ">
      <subfield code="a">MSM</subfield>
   </datafield>
   <datafield tag="653" ind2=" " ind1=" ">
      <subfield code="a">Alcohol use</subfield>
   </datafield>
   <datafield tag="653" ind2=" " ind1=" ">
      <subfield code="a">Alcohol-related problems</subfield>
   </datafield>
   <datafield tag="653" ind2=" " ind1=" ">
      <subfield code="a">Binge drinking</subfield>
   </datafield>
   <datafield tag="653" ind2=" " ind1=" ">
      <subfield code="a">Dating apps or websites</subfield>
   </datafield>
   <datafield tag="653" ind2=" " ind1=" ">
      <subfield code="a">Harmful drinking</subfield>
   </datafield>
   <datafield tag="653" ind2=" " ind1=" ">
      <subfield code="a">Hazardous drinking</subfield>
   </datafield>
   <datafield tag="653" ind2=" " ind1=" ">
      <subfield code="a">Men who have sex with men</subfield>
   </datafield>
   <datafield tag="653" ind2=" " ind1=" ">
      <subfield code="a">New recruitment methods</subfield>
   </datafield>
   <datafield ind2="0" ind1="0" tag="245">
      <subfield code="a">Excessive Drinking Among Men Who Have Sex With Men Recruited From Web-Based Resources: Cross-sectional Questionnaire Study</subfield>
   </datafield>
</record></metadata></record></GetRecord></OAI-PMH>